000 00362 a2200133 4500
000 nam a22 7a 4500
100 _aKendurkar, Piyush
110 _aKendurkar, Piyush
245 _aDr Ambedkar and the Socio-Economic Reformation of India
250 _aLatest edition
260 _bSSDN Publishers
_c2022
264 _bSSDN Publishers
_c2022
942 _cBK
999 _c394258
_d394258